000
00286nam a2200121Ia 4500
008
190216s9999||||xx |||||||||||||| ||und||
100
_a
Bhagwati Prasad
245
0
_a
Income Tax Law And Practice
260
_b
Wishwa Prakashan
_c
1995
300
_a
558p
650
_a
Commerce
942
_c
BK
999
_c
5549
_d
5549